MDQL
is popping MORE tags! Check the
thread
!
Quizzes
Events
Quiz Creation
Community
Videos
Private Events
Remove Ads
Sign In
Join for FREE
Feedback
Dark Mode
Quiz Categories
Sports
Geography
Music
Movies
Television
Just For Fun
Miscellaneous
History
Literature
Language
Science
Gaming
Entertainment
Religion
Holiday
For Kids
Quiz Lab
Recent
Popular Today
Quiz Kudos Today
Editor Picks
Curator Picks
Quizzes by...
Day
Popularity
Type
Ratings
Length
Year
Community
Subscriptions
Recent Discussions
Orange Saloon
Badges
Playlists
Quests
Create
Leaderboards
Showdown
Live 5
Trivia Bingo
Activity
Puzzle Library
Sporcle Events
Private Events
Virtual Trivia
Globe League
Become a Host
Pub Owners
SporcleCon
Opinionation
Our Games
Videos
Blog
Mobile Apps
Partnerships
Remove Ads and Go Orange
Feedback
Music
Pop Music
The Beatles
Song
Album
Lyrics
Bands
Singers
Artist
Clip
Rock
Rap
Classical
Billboard
Country Music
Kpop
Taylor Swift
Music
Pop Music
The Beatles
Song
Album
Lyrics
Bands
Singers
Artist
Clip
Rock
Rap
Classical
Billboard
Country Music
Kpop
Taylor Swift
Random Quiz
Search Sporcle
×
Quiz Lab
Quiz Lab
Music
Lyrics
Type in answers that appear in a list
Type in answers that appear in a list
Classic
Best Score? Go Orange.
Love Lyrics Stats
Can you name the Love Lyrics?
By
overbored
10m
15 Questions
26 Plays
26 Plays
26 Plays
Comments
Comments
Give Quiz Kudos
Give Quiz Kudos
-
- Ratings
hide this ad
More Info
Replay
Link that replays current quiz
Next Quiz
Link to next quiz in quiz playlist
You Got
0%
They Got
Avg Score
21%
Avg Friend Score
Upgrade to see
Score Distribution
Jump to the score distribution portion of the page
Score
0/15
Timer
10:00
0
Plays Today
Lyric
Title
% Correct
So you think you can love me and leave me to die
Bohemian Rhapsody
69.2%
We are in love, haven't you heard how we rock each other's world?
Sk8er Boi
42.3%
At long last love has arrived, and I thank God I'm alive
Can't Take My Eyes Off of You
42.3%
We'll be falling in love to the rhythm of a steel drum band
Kokomo
26.9%
I thought I knew what love was; what did I know?
Boys of Summer
19.2%
Mom, I love you, but this trailer's got to go
Lose Yourself
19.2%
This youthful heart can love you and give you what you need
Give Me One Reason
15.4%
Maybe it's not too late to learn how to love and forget how to hate
Crazy Train
15.4%
Lyric
Title
% Correct
Your love has set my soul on fire, burning out of control
Heartbreaker
15.4%
Between the two of us guys, you know I love you more
I Heard It Through the Grapevine
15.4%
She was stealing another breath, I love my baby to death
Dani California
15.4%
He's more than a man, and this is more than love
Unfaithful
11.5%
Say you'll share with me one love, one lifetime
All I Ask of You
11.5%
One restless summer, we found love growing wild
Strawberry Wine
3.8%
When it gets cold outside and you've got nobody to love
Harder to Breathe
3.8%
Quiz Playlist
Details
Report
Send in Message
Add To Playlist
More Info:
Even though all the lyrics have the word "love" in them, none of the song titles do.
Classic:
Type in answers that appear in a list
Last Updated: Feb 16, 2017
Quiz Scoreboard
CHALLENGE
Sign Up to Join the Scoreboard
Show All
Scores
Hide
Comments
May contain spoilers
Recently Published
Street Fighter Characters
by Artimus82
Gaming
60s
9x9 Crossword: Cartoon Network
by jackfrog10
Miscellaneous
3m
College Basketball Coaching Resumes
by pancakes188
Sports
9m
More to Explore
Quiz From the Vault
Featured Blog Post
Where Did the Easter Bunny Come From?
hide this ad
You Might Also Like...
Tags
Artist Quiz
Lyrics Quiz
Love
Today's Top Quizzes in Music
Browse Music
hide this ad
Today's Top Quizzes in Lyrics
Browse Lyrics
Top Contributed Quizzes in Music
1
Taylor Swift All Songs (2024)
2
Guess the Artist- 70s Songs
3
7-to-1: Billboard Hot 100 #1 Hits of 2010s
4
Taylor Swift Logic Puzzle
5
Sorting Albums and Songs
6
KPOP LOGIC QUIZ
7
Guess the Taylor Swift song (Mystery Song)
8
Guess The Taylor Swift Lyrics Song #1
9
Billboard Blitz: ABBA
10
Billboard Blitz: The Beatles
Explore More
Trending Topics
Harry Potter
Disney
Crossword
Marvel
NBA
Anime
Kpop
Song
The Office
Pokémon
Country
WWE
NFL
Soccer
Puzzle
hide this ad
More By:
overbored
Quiz
Plays
Rating
Category
Featured
Created
Song by Second Verse
1,454
3.71
Music
Jan 26, 2010
James Bond Title Song Lyrics
173
4.50
Music
Mar 22, 2012
RockBand 2 songs by lyric
156
3.00
Music
Jan 10, 2010
Bridge Conventions
95
4.50
Gaming
Jan 26, 2010
Last Verses
32
3.00
Music
Dec 31, 2010
Go to Creator's Profile
Score Distribution
Quiz Creator Spotlight
overbored
Follow
Send a Message
Quizzes Created
-
Created Quiz Play Count
-
More By This Creator
Popular Quizzes Today
1
Find the US States - No Outlines Minefield
2
Find the Countries of Europe - No Outlines Minefield
3
The Countries of the World
4
Find the US States
5
Risky Map Clicking: Biggest States A-Z
6
US States
7
Popular People in 1961
8
Movies - When Are They Set?
More Music Quizzes
Word Ladder: Kpop Knowledge 2
Quiz Lab
Trending Quizzes
Risky Map Clicking: Least Populous States A-Z
1-10 Letter G Words
Risky Map Clicking: Next State Alphabetically
Adjectives in 80s TV Shows
The Seven Year Switch: Catherine
Recently Updated
Leaping Animals
pecheneg
Reality TV Shows (A-Z)
bhenderson79
Rickey Henderson's Hall of Fame Teammates
pecheneg
Champions League XIs: Arsenal
pecheneg
Quick Pick: Celebrities in WWE's Hall of Fame
aduchscher
A-Z Keypad Blitz II
pecheneg
Multiple Oscar Actors
pecheneg
Mystery Phrase Blitz: Oscar 'Best Actors'
pecheneg
F. Scott Fitzgerald Novels
LTH
Pick 3 Villains
ddd62291
Trending Topics
NBA
Marvel
Kpop
Crossword
Harry Potter
Anime
Disney
Pokémon
NFL
The Office
Soccer
Song
Country
WWE
Puzzle
Your Account Isn't Verified!
In order to create a playlist on Sporcle, you need to verify the email address you used during registration. Go to your
Sporcle Settings
to finish the process.
Report this User
Report this user for behavior that violates our
Community Guidelines
.
Details:
Send Report
Go to the Sporcle.com Mobile Site →
Comments